[Event "41st Guernsey International Open"]
[Site "Guernsey, GCI"]
[Date "2015.10.23"]
[Round "6"]
[White "Hebden, Mark"]
[Black "Drenchev, Petar"]
[Result "1/2-1/2"]
[WhiteElo "2490"]
[BlackElo "2465"]
[PlyCount "125"]
[EventDate "2015.10.18"]
[EventType "swiss"]
[EventRounds "7"]

1. d4 Nf6 2. Bg5 e6 3. e3 c5 4. Nd2 Nc6 5. c3 d5 6. f4 Qb6 7. Rb1 h6 8. Bxf6
gxf6 9. Ngf3 cxd4 10. exd4 Bd6 11. g3 Bd7 12. Bh3 O-O-O 13. O-O Kb8 14. Kh1 Ne7
15. c4 dxc4 16. Nxc4 Qa6 17. b3 Bc6 18. Bg2 h5 19. Qd2 Nf5 20. Ne3 Bb4 21. Qf2
Nxe3 22. Qxe3 Bd5 23. Rf2 Qd6 24. Rc1 Ba5 25. Rd1 Bb6 26. Rfd2 Rc8 27. Nh4 Rhd8
28. Bxd5 Qxd5+ 29. Qf3 Rc3 30. Qxd5 Rxd5 31. f5 exf5 32. Ng2 Bc7 33. Rf1 f4 34.
Nxf4 Rf5 35. Kg2 h4 36. Rdf2 hxg3 37. hxg3 Bb6 38. Rd2 Kc8 39. Rf3 Rc1 40. Re3
Kd7 41. Nd3 Ra1 42. Nf2 Ba5 43. Rde2 Bb4 44. Rd3 Ra5 45. a4 f5 46. Nd1 b5 47.
axb5 Rxb5 48. Ne3 Bd6 49. Rf2 f4 50. gxf4 Rb1 51. Kf3 R5xb3 52. Rxb3 Rxb3 53.
Ke4 a5 54. Ra2 Rb5 55. f5 Bc7 56. Nc4 Ke7 57. Ra1 Kd7 58. Rh1 Rb4 59. Ne5+ Bxe5
60. Kxe5 Rb6 61. f6 Re6+ 62. Kf5 Rd6 63. Ke5 1/2-1/2

[Event "41st Guernsey International Open"]
[Site "Guernsey, GCI"]
[Date "2015.10.23"]
[Round "6"]
[White "Abbas, Daniel"]
[Black "Oehne, Timo"]
[Result "1-0"]
[WhiteElo "2168"]
[BlackElo "2010"]
[PlyCount "81"]
[EventDate "2015.10.18"]
[EventType "swiss"]
[EventRounds "7"]

1. e4 c5 2. Nf3 Nc6 3. Bb5 g6 4. Bxc6 bxc6 5. O-O Bg7 6. c3 Nf6 7. e5 Nd5 8. d4
cxd4 9. c4 Nc7 10. Qxd4 Ne6 11. Qh4 O-O 12. Nc3 f6 13. Re1 fxe5 14. Nxe5 Rf5
15. Nf3 d5 16. Bg5 Nxg5 17. Nxg5 h6 18. Ne6 Bxe6 19. Rxe6 Qb6 20. Nxd5 cxd5 21.
Rxb6 axb6 22. cxd5 Rxd5 23. Qc4 e6 24. Qc6 Rad8 25. h4 R8d6 26. Qe8+ Kh7 27.
Rc1 Rd1+ 28. Rxd1 Rxd1+ 29. Kh2 Rd2 30. Qxe6 Rxb2 31. h5 g5 32. Kg3 Rb4 33. a3
Rb2 34. Kf3 b5 35. Qd5 Kh8 36. Qc5 Rb3+ 37. Kg4 Rc3 38. Qd6 Rc4+ 39. Kf5 Rf4+
40. Kg6 Rxf2 41. Qe7 1-0

[Event "41st Guernsey International Open"]
[Site "Guernsey, GCI"]
[Date "2015.10.23"]
[Round "6"]
[White "Kraft, Karl Heinz"]
[Black "Cherniaev, Alexander"]
[Result "0-1"]
[WhiteElo "2015"]
[BlackElo "2458"]
[PlyCount "96"]
[EventDate "2015.10.18"]
[EventType "swiss"]
[EventRounds "7"]

1. e4 c6 2. Nc3 d5 3. Qf3 e6 4. Qg3 a6 5. Nf3 d4 6. Ne2 c5 7. Nf4 Nc6 8. c3 Nf6
9. d3 e5 10. Nh3 g6 11. Nd2 h5 12. f3 h4 13. Qf2 Bxh3 14. gxh3 Bh6 15. Nb3 Qd6
16. Bxh6 Rxh6 17. O-O-O Kf8 18. Bg2 Nh5 19. Qxh4 Kg7 20. Qf2 Nf4 21. Bf1 b5 22.
Kb1 a5 23. Rg1 a4 24. Nc1 a3 25. Nb3 axb2 26. cxd4 cxd4 27. Qxb2 Rhh8 28. Rd2
Ra4 29. Be2 Rxh3 30. Bd1 Nb4 31. Nc1 Ra7 32. Rg3 Rh8 33. Bb3 Rc7 34. a3 Na6 35.
Rg1 Rc3 36. Rgd1 Nc5 37. Ba2 Ra8 38. Qb4 Ra4 39. Qxb5 Rcxa3 40. Rb2 Ra7 41. Bc4
Na4 42. Qb4 Nc3+ 43. Kc2 Qxb4 44. Rxb4 Nxd1 45. Kxd1 Ra8 46. Rb5 Rh8 47. Rb7
Rxh2 48. Rxf7+ Kh6 0-1

[Event "41st Guernsey International Open"]
[Site "Guernsey, GCI"]
[Date "2015.10.23"]
[Round "6"]
[White "Havenaar, Jan"]
[Black "Godard, Maxence"]
[Result "1/2-1/2"]
[WhiteElo "2016"]
[BlackElo "2327"]
[PlyCount "139"]
[EventDate "2015.10.18"]
[EventType "swiss"]
[EventRounds "7"]

1. Nc3 d5 2. e4 d4 3. Nce2 e5 4. Ng3 Be6 5. c3 c5 6. Nf3 Nd7 7. Bb5 f6 8. Qe2
Ne7 9. O-O Ng6 10. d3 Qa5 11. c4 a6 12. Bxd7+ Bxd7 13. Nf5 Qc7 14. N3h4 O-O-O
15. g3 Nxh4 16. Nxh4 Bh3 17. Ng2 g5 18. Qh5 Qd7 19. f3 Rg8 20. g4 Bxg2 21. Kxg2
Rg6 22. Qh3 Rh6 23. Qg3 Rh4 24. Bd2 h5 25. h3 Be7 26. b3 Rh8 27. Rh1 b5 28.
Rac1 Kb7 29. Qf2 b4 30. Ra1 Bd6 31. Qe2 hxg4 32. fxg4 Ra8 33. Qf3 Be7 34. Qf5
Kc6 35. Qxd7+ Kxd7 36. Be1 Rhh8 37. h4 gxh4 38. Bxh4 a5 39. a4 bxa3 40. Rxa3
Rag8 41. g5 Bd8 42. Raa1 Ke6 43. Bg3 Rxh1 44. Rxh1 Rxg5 45. Rh8 Kd7 46. Rh7+
Be7 47. Rh8 Rg7 48. Kf3 Bd8 49. Rh6 Rg8 50. Rh7+ Be7 51. Be1 Rb8 52. Bxa5 Rxb3
53. Ke2 Rb8 54. Be1 Ke6 55. Bd2 Rg8 56. Kd1 Rg2 57. Ba5 Ra2 58. Be1 Bd8 59. Bd2
Ra1+ 60. Ke2 Rg1 61. Ra7 Be7 62. Rb7 Bd6 63. Rh7 Rg2+ 64. Kd1 Rg6 65. Ke2 f5
66. exf5+ Kxf5 67. Rh5+ Ke6 68. Rh6 Rxh6 69. Bxh6 Kf5 70. Kf3 1/2-1/2

[Event "41st Guernsey International Open"]
[Site "Guernsey, GCI"]
[Date "2015.10.23"]
[Round "6"]
[White "Reijneveld, Ad"]
[Black "Hickman, John E"]
[Result "1/2-1/2"]
[WhiteElo "2095"]
[BlackElo "1924"]
[PlyCount "68"]
[EventDate "2015.10.18"]
[EventType "swiss"]
[EventRounds "7"]

1. e4 d6 2. d4 Nf6 3. Nc3 g6 4. f4 Bg7 5. Nf3 c5 6. dxc5 Qa5 7. Bd3 Qxc5 8. Qe2
O-O 9. Be3 Qa5 10. O-O Bg4 11. Qf2 Bxf3 12. Qxf3 Nc6 13. Kh1 Nb4 14. Rae1 Nd7
15. Bd2 Nxd3 16. cxd3 e6 17. Qf2 Nc5 18. Qe3 Qa6 19. Rf3 Rae8 20. e5 Na4 21.
Ne4 dxe5 22. fxe5 Bxe5 23. Nf6+ Bxf6 24. Rxf6 Rd8 25. Bb4 Rxd3 26. Qh6 Rdd8 27.
Bxf8 Rxf8 28. Rf3 Qa5 29. Rc1 Qe5 30. Rh3 Qg7 31. Qxg7+ Kxg7 32. b3 Nb6 33. Rd3
Nd5 34. Kg1 Kf6 1/2-1/2

[Event "41st Guernsey International Open"]
[Site "Guernsey, GCI"]
[Date "2015.10.23"]
[Round "6"]
[White "Corkett, Anthony R"]
[Black "Fruteau, Sabine"]
[Result "1/2-1/2"]
[WhiteElo "2306"]
[BlackElo "2037"]
[PlyCount "157"]
[EventDate "2015.10.18"]
[EventType "swiss"]
[EventRounds "7"]

1. Nf3 Nf6 2. g3 g6 3. Bg2 Bg7 4. c4 O-O 5. Nc3 d6 6. O-O Nbd7 7. Rb1 a5 8. a3
e5 9. b4 c6 10. Qb3 Re8 11. d3 Nf8 12. b5 d5 13. bxc6 bxc6 14. Bg5 e4 15. dxe4
dxc4 16. Qxc4 Ba6 17. Qxc6 Qc8 18. Rb6 Re6 19. Qxc8 Rxc8 20. Rxe6 fxe6 21. e5
Ng4 22. Rc1 Nxe5 23. Nxe5 Bxe5 24. Bd2 Bd6 25. a4 Ba3 26. Rb1 Bb4 27. Ne4 Bxd2
28. Nxd2 Bxe2 29. Nb3 Rb8 30. Re1 Rxb3 31. Rxe2 Rb1+ 32. Bf1 Ra1 33. Re4 Nd7
34. Rxe6 Rxa4 35. Bb5 Ra1+ 36. Kg2 Nc5 37. Rc6 Ne4 38. Bd3 Ra4 39. Ra6 Kg7 40.
Bxe4 Rxe4 41. Rxa5 Re7 42. g4 Rb7 43. h4 Rc7 44. Kg3 Rb7 45. Ra3 Rc7 46. Rd3
Ra7 47. f3 Rf7 48. Rd6 Ra7 49. Re6 Kf7 50. Re4 Kg7 51. Kf4 Rf7+ 52. Ke3 Rd7 53.
Re5 Ra7 54. h5 Rb7 55. Kf4 Rb4+ 56. Re4 Rb7 57. Re5 Rb4+ 58. Kg3 Rb7 59. g5
gxh5 60. Re6 Rb4 61. Rh6 Rb5 62. Rxh5 Kg6 63. Rh6+ Kxg5 64. Rxh7 Rb4 65. Ra7
Rb5 66. Ra8 Rc5 67. f4+ Kf5 68. Rf8+ Kg6 69. Kg4 Rc4 70. Ra8 Rc6 71. Ra5 Rb6
72. Rg5+ Kf6 73. Rh5 Rb4 74. Rh6+ Kg7 75. Rd6 Rb5 76. f5 Rb1 77. Rd4 Kf6 78.
Rd6+ Kf7 79. Kg5 1/2-1/2

[Event "41st Guernsey International Open"]
[Site "Guernsey, GCI"]
[Date "2015.10.23"]
[Round "6"]
[White "Upton, Ian J"]
[Black "Purdon, Colin"]
[Result "1/2-1/2"]
[WhiteElo "2255"]
[BlackElo "2042"]
[PlyCount "31"]
[EventDate "2015.10.18"]
[EventType "swiss"]
[EventRounds "7"]

1. d4 d5 2. c4 c6 3. Nf3 Nf6 4. e3 e6 5. Nc3 Nbd7 6. Qc2 Bd6 7. Bd3 dxc4 8.
Bxc4 b5 9. Bd3 O-O 10. O-O Bb7 11. h3 a6 12. Ng5 h6 13. Nge4 Nxe4 14. Nxe4 Be7
15. Bd2 c5 16. Nxc5 1/2-1/2

[Event "41st Guernsey International Open"]
[Site "Guernsey, GCI"]
[Date "2015.10.23"]
[Round "6"]
[White "Mack, Wolfgang"]
[Black "Wager, John D"]
[Result "1/2-1/2"]
[WhiteElo "2223"]
[BlackElo "2029"]
[PlyCount "77"]
[EventDate "2015.10.18"]
[EventType "swiss"]
[EventRounds "7"]

1. c4 e5 2. g3 Nc6 3. Nc3 g6 4. Bg2 Bg7 5. d3 d6 6. e4 Nge7 7. Nge2 O-O 8. O-O
Be6 9. Nd5 Nb8 10. d4 c6 11. Ne3 Na6 12. f4 f5 13. fxe5 dxe5 14. d5 Bd7 15. Rb1
fxe4 16. Rxf8+ Qxf8 17. b4 cxd5 18. Nxd5 Bf5 19. Be3 Rd8 20. Qb3 Nxd5 21. cxd5
Qd6 22. Nc3 Nc7 23. Nxe4 Bxe4 24. Bxe4 b6 25. Rc1 Nb5 26. Rc6 Qd7 27. d6+ Kh8
28. Qd5 Nxd6 29. Bg5 Nxe4 30. Qxd7 Rxd7 31. Rc8+ Bf8 32. Bh6 Nf6 33. Bxf8 Kg8
34. Bd6+ Kf7 35. Bxe5 Rd1+ 36. Kg2 Rd2+ 37. Kf3 Rxa2 38. Rc7+ Ke6 39. Bxf6
1/2-1/2

[Event "41st Guernsey International Open"]
[Site "Guernsey, GCI"]
[Date "2015.10.23"]
[Round "6"]
[White "Thurlow, Kevin J"]
[Black "Broek, Thomas"]
[Result "0-1"]
[WhiteElo "2016"]
[BlackElo "2205"]
[PlyCount "92"]
[EventDate "2015.10.18"]
[EventType "swiss"]
[EventRounds "7"]

1. c4 Nf6 2. Nc3 c5 3. Nf3 Nc6 4. d4 cxd4 5. Nxd4 g6 6. e4 d6 7. Be2 Bg7 8. Be3
O-O 9. O-O Bd7 10. Rc1 Rc8 11. h3 a6 12. Qd2 Nxd4 13. Bxd4 Bc6 14. Qe3 e5 15.
Bb6 Qe7 16. Nd5 Bxd5 17. cxd5 Nd7 18. Ba5 f5 19. f3 Bf6 20. exf5 Bg5 21. f4
Bxf4 22. Rxf4 Rxc1+ 23. Qxc1 exf4 24. Qd1 Qe3+ 25. Kh1 Nf6 26. fxg6 hxg6 27.
Bf3 Rc8 28. Bd2 Qd4 29. Qe1 Re8 30. Qc1 Ne4 31. Bxe4 Qxe4 32. Bxf4 Qxd5 33. Qc2
Qe4 34. Qxe4 Rxe4 35. Bxd6 Re2 36. b4 Rxa2 37. Kh2 b6 38. Kg3 a5 39. bxa5 bxa5
40. h4 a4 41. Kf3 a3 42. g4 Ra1 43. Be5 Rf1+ 44. Kg2 Re1 45. Bc3 Rc1 46. Be5 a2
0-1

[Event "41st Guernsey International Open"]
[Site "Guernsey, GCI"]
[Date "2015.10.23"]
[Round "6"]
[White "Goris, Ton"]
[Black "Curtis, John E"]
[Result "1/2-1/2"]
[WhiteElo "1975"]
[BlackElo "2101"]
[PlyCount "40"]
[EventDate "2015.10.18"]
[EventType "swiss"]
[EventRounds "7"]

1. e4 d6 2. d4 Nf6 3. Nc3 e5 4. Nf3 exd4 5. Nxd4 Be7 6. Bc4 O-O 7. O-O c6 8. a4
Nxe4 9. Nxe4 d5 10. Bxd5 Qxd5 11. Nc3 Qa5 12. Qf3 Na6 13. Be3 Nb4 14. Rfd1 Bf6
15. Nce2 Qd5 16. Qg3 Qe4 17. Nc3 Qg6 18. Qxg6 hxg6 19. Rd2 Rd8 20. Rad1 Nd5
1/2-1/2

[Event "41st Guernsey International Open"]
[Site "Guernsey, GCI"]
[Date "2015.10.23"]
[Round "6"]
[White "Heppell, Ian N"]
[Black "Shaw, Meyrick"]
[Result "1-0"]
[WhiteElo "2089"]
[BlackElo "2003"]
[PlyCount "63"]
[EventDate "2015.10.18"]
[EventType "swiss"]
[EventRounds "7"]

1. e4 c6 2. c4 g6 3. Nc3 Bg7 4. Nf3 d6 5. d4 Nd7 6. Be2 e5 7. Be3 Qc7 8. O-O
Ngf6 9. h3 O-O 10. Rc1 Re8 11. d5 c5 12. a3 b6 13. Ne1 Ba6 14. b3 Rad8 15. Qc2
Bb7 16. Nd3 a6 17. b4 Rc8 18. bxc5 Nxc5 19. Nxc5 bxc5 20. Rb1 Rb8 21. Rb2 Nd7
22. Rfb1 Ba8 23. Qa4 Rxb2 24. Rxb2 Bb7 25. Bg4 Nf6 26. Bg5 Ra8 27. Bxf6 Bxf6
28. Qd7 Qxd7 29. Bxd7 Ra7 30. Bc6 Bxc6 31. dxc6 Kf8 32. Rb8+ 1-0

[Event "41st Guernsey International Open"]
[Site "Guernsey, GCI"]
[Date "2015.10.23"]
[Round "6"]
[White "Downey, Keith"]
[Black "Dilleigh, Stephen P"]
[Result "1/2-1/2"]
[WhiteElo "1869"]
[BlackElo "2074"]
[PlyCount "44"]
[EventDate "2015.10.18"]
[EventType "swiss"]
[EventRounds "7"]

1. Nf3 d5 2. d4 Nf6 3. c4 e6 4. g3 dxc4 5. Qa4+ c6 6. Qxc4 b5 7. Qd3 Bb7 8. Bg2
Nbd7 9. O-O a6 10. Be3 c5 11. dxc5 Bxc5 12. Nbd2 O-O 13. Nb3 Be4 14. Qd2 Bxe3
15. Qxe3 Qb6 16. Qxb6 Nxb6 17. Nc5 Bd5 18. b3 Nbd7 19. Rac1 Rfc8 20. Nxd7 Nxd7
21. Nd4 Bxg2 22. Kxg2 Ne5 1/2-1/2

[Event "41st Guernsey International Open"]
[Site "Guernsey, GCI"]
[Date "2015.10.23"]
[Round "6"]
[White "Fassaert, Desire JM"]
[Black "Hewson, Brian WR"]
[Result "1/2-1/2"]
[WhiteElo "1912"]
[BlackElo "2059"]
[PlyCount "31"]
[EventDate "2015.10.18"]
[EventType "swiss"]
[EventRounds "7"]

1. Nf3 d5 2. e3 g6 3. c4 e6 4. Nc3 Bg7 5. d4 Ne7 6. Be2 Nd7 7. O-O O-O 8. Qc2
dxc4 9. Bxc4 Nb6 10. Be2 Nc6 11. Rd1 Nb4 12. Qb3 N4d5 13. a3 Bd7 14. Qc2 Nxc3
15. Qxc3 Rc8 16. Qc2 1/2-1/2

[Event "41st Guernsey International Open"]
[Site "Guernsey, GCI"]
[Date "2015.10.23"]
[Round "6"]
[White "Prins, Jan"]
[Black "Kirby, Peter J"]
[Result "1/2-1/2"]
[WhiteElo "2073"]
[BlackElo "1977"]
[PlyCount "101"]
[EventDate "2015.10.18"]
[EventType "swiss"]
[EventRounds "7"]

1. d4 Nf6 2. c4 g6 3. Nc3 Bg7 4. Nf3 O-O 5. Bf4 d6 6. e3 b6 7. Qb3 Bb7 8. Nd5
Nxd5 9. cxd5 c5 10. dxc5 dxc5 11. Rd1 Nd7 12. Bb5 Nf6 13. d6 e6 14. Bc4 Nd5 15.
Bg3 a6 16. a4 Bc6 17. O-O b5 18. axb5 axb5 19. Bxd5 exd5 20. Ne5 Qxd6 21. Nxc6
Qxc6 22. Rxd5 Rfd8 23. e4 Rd7 24. Bh4 Ra4 25. f3 Rb4 26. Rxd7 Qxd7 27. Qa3 Bd4+
28. Kh1 Ra4 29. Qb3 c4 30. Qd1 Qa7 31. f4 f6 32. e5 Ra2 33. Bxf6 Rxb2 34. Qg4
Qf7 35. Ra1 Ba7 36. Qc8+ Qf8 37. Qe6+ Qf7 38. Qxf7+ Kxf7 39. Rxa7+ Ke6 40. h4
c3 41. Kh2 Re2 42. Rc7 c2 43. Bg7 b4 44. Bf8 b3 45. Ba3 Re1 46. h5 Ra1 47. Bb2
Rb1 48. hxg6 hxg6 49. Ba3 Ra1 50. Bb2 Rb1 51. Ba3 1/2-1/2

[Event "41st Guernsey International Open"]
[Site "Guernsey, GCI"]
[Date "2015.10.23"]
[Round "6"]
[White "Rosen, Daniel B"]
[Black "Maloberti, David"]
[Result "0-1"]
[WhiteElo "2063"]
[BlackElo "1975"]
[PlyCount "56"]
[EventDate "2015.10.18"]
[EventType "swiss"]
[EventRounds "7"]

1. e4 e6 2. d4 d5 3. Nc3 Bb4 4. Nge2 dxe4 5. a3 Bxc3+ 6. Nxc3 Nc6 7. Bb5 Nf6 8.
Bxc6+ bxc6 9. Bg5 c5 10. dxc5 Ba6 11. Qxd8+ Rxd8 12. b4 Rd4 13. Rd1 Rc4 14.
Bxf6 gxf6 15. Kd2 Ke7 16. Ne2 e5 17. c3 Bb7 18. Kc2 e3 19. f3 Rh4 20. b5 Rg8
21. c6 Bc8 22. g3 Bf5+ 23. Kb2 Rc4 24. Ra1 Rb8 25. a4 Rxc6 26. Ka3 Rc4 27. Rhd1
Bc2 28. Rdc1 Bxa4 0-1

[Event "41st Guernsey International Open"]
[Site "Guernsey, GCI"]
[Date "2015.10.23"]
[Round "6"]
[White "Taylor, Mark V"]
[Black "Sikkel, Dirk"]
[Result "1/2-1/2"]
[WhiteElo "2053"]
[BlackElo "1937"]
[PlyCount "65"]
[EventDate "2015.10.18"]
[EventType "swiss"]
[EventRounds "7"]

1. b3 d5 2. Bb2 Nf6 3. f4 Bf5 4. Nf3 e6 5. e3 Be7 6. Be2 O-O 7. O-O Nfd7 8. Nd4
Bg6 9. f5 exf5 10. Nxf5 Bf6 11. Bxf6 Nxf6 12. Bd3 Nbd7 13. Nc3 Ne5 14. Ne2 Nxd3
15. cxd3 Qd7 16. Neg3 c6 17. Rf4 Ne8 18. Qg4 Rd8 19. Qh4 f6 20. Raf1 Nd6 21.
Nxd6 Qxd6 22. Nf5 Bxf5 23. Rxf5 Rde8 24. Qa4 a6 25. d4 Re4 26. Qa5 g6 27. R5f3
f5 28. b4 Rc8 29. Qc5 Qc7 30. a4 Ree8 31. Rc1 b6 32. Qc3 Qd7 33. Qb3 1/2-1/2

[Event "41st Guernsey International Open"]
[Site "Guernsey, GCI"]
[Date "2015.10.23"]
[Round "6"]
[White "Collier, David O"]
[Black "Canonne, Antoine"]
[Result "1/2-1/2"]
[WhiteElo "2037"]
[BlackElo "1967"]
[PlyCount "46"]
[EventDate "2015.10.18"]
[EventType "swiss"]
[EventRounds "7"]

1. d4 Nc6 2. d5 Ne5 3. e4 Ng6 4. Nf3 e5 5. dxe6 dxe6 6. Qxd8+ Kxd8 7. Bd3 Bd6
8. Nc3 c6 9. O-O Nf6 10. Rd1 Ke7 11. Ne2 Nh5 12. g3 e5 13. Kg2 h6 14. Be3 Be6
15. a4 Rhd8 16. Nd2 Kf8 17. Bc4 Bc7 18. Nc3 Nf6 19. f3 Bxc4 20. Nxc4 Rxd1 21.
Rxd1 a5 22. Bc5+ Ke8 23. Kf2 Rd8 1/2-1/2

[Event "41st Guernsey International Open"]
[Site "Guernsey, GCI"]
[Date "2015.10.23"]
[Round "6"]
[White "Vonhoff, Nils"]
[Black "Van Ginkel, Henk"]
[Result "1-0"]
[WhiteElo "1999"]
[BlackElo "1906"]
[PlyCount "81"]
[EventDate "2015.10.18"]
[EventType "swiss"]
[EventRounds "7"]

1. e4 d6 2. d4 Nf6 3. Bd3 g6 4. Ne2 Bg7 5. O-O O-O 6. c3 e5 7. Bg5 h6 8. Bh4 g5
9. Bg3 Nh5 10. dxe5 dxe5 11. Na3 Nf4 12. Bc4 Nc6 13. b4 a6 14. Re1 Qe7 15. Nc2
Rd8 16. Qb1 Be6 17. Bxe6 Qxe6 18. Ne3 Ne7 19. Qc2 Rd7 20. Rad1 Rad8 21. Rxd7
Rxd7 22. Nc1 Qc6 23. f3 h5 24. a4 b5 25. axb5 Qxb5 26. Rd1 Bf8 27. Be1 Rxd1 28.
Qxd1 c5 29. c4 Qc6 30. bxc5 Qxc5 31. Bf2 Qc6 32. Nd3 Nxd3 33. Qxd3 Kg7 34. c5
Qa4 35. g3 Qa1+ 36. Kg2 Ng6 37. c6 h4 38. c7 hxg3 39. hxg3 Qc1 40. Qd8 Ne7 41.
Nf5+ 1-0

[Event "41st Guernsey International Open"]
[Site "Guernsey, GCI"]
[Date "2015.10.23"]
[Round "6"]
[White "Spanton, Timothy R"]
[Black "Magnussen, Pal"]
[Result "0-1"]
[WhiteElo "1928"]
[BlackElo "1987"]
[PlyCount "100"]
[EventDate "2015.10.18"]
[EventType "swiss"]
[EventRounds "7"]

1. d4 Nf6 2. Nc3 d5 3. Bg5 Bf5 4. e3 Nbd7 5. Bd3 Bxd3 6. cxd3 h6 7. Bf4 c6 8.
Nf3 e6 9. h3 Be7 10. O-O O-O 11. Re1 a6 12. Rc1 Rc8 13. a3 Re8 14. e4 Nf8 15.
e5 N6h7 16. Qd2 Ng6 17. Be3 Nh4 18. Nxh4 Bxh4 19. Rf1 c5 20. Ne2 cxd4 21. Nxd4
Qd7 22. f4 Rxc1 23. Rxc1 Rc8 24. Nb3 Rxc1+ 25. Qxc1 Bg3 26. Bf2 Bxf2+ 27. Kxf2
Qa4 28. Nc5 Qd4+ 29. Ke2 Nf8 30. Nb3 Qb6 31. Nc5 Ng6 32. g3 Ne7 33. g4 Ng6 34.
Kf3 Qb5 35. Qc3 b6 36. Nb7 Qa4 37. Qc1 Qd4 38. Qd2 Qg1 39. Qf2 Qd1+ 40. Ke3
Qc1+ 41. Kf3 Qxf4+ 42. Kg2 Qxe5 43. Qxb6 Nf4+ 44. Kf3 Nxd3 45. Nd6 Qf6+ 46. Kg3
d4 47. Qb8+ Kh7 48. Ne4 Qf1 49. Qb7 Qf4+ 50. Kh4 Ne5 0-1

[Event "41st Guernsey International Open"]
[Site "Guernsey, GCI"]
[Date "2015.10.23"]
[Round "6"]
[White "Gravett, Alan D"]
[Black "Van Den Boogaart, Jan Maarten"]
[Result "1/2-1/2"]
[WhiteElo "1879"]
[BlackElo "1980"]
[PlyCount "37"]
[EventDate "2015.10.18"]
[EventType "swiss"]
[EventRounds "7"]

1. Nf3 d5 2. c4 c6 3. cxd5 cxd5 4. g3 Nf6 5. Bg2 Nc6 6. O-O g6 7. d3 Bg7 8.
Nbd2 O-O 9. Rb1 h6 10. b4 a6 11. a3 Re8 12. e4 dxe4 13. dxe4 Bg4 14. h3 Be6 15.
Bb2 Nd7 16. Bxg7 Kxg7 17. Nb3 Bxb3 18. Qxb3 e5 19. Rfd1 1/2-1/2

[Event "41st Guernsey International Open"]
[Site "Guernsey, GCI"]
[Date "2015.10.23"]
[Round "6"]
[White "Salimbeni, George PW"]
[Black "Phillips, Owen S"]
[Result "1-0"]
[WhiteElo "2142"]
[BlackElo "1947"]
[PlyCount "69"]
[EventDate "2015.10.18"]
[EventType "swiss"]
[EventRounds "7"]

1. e4 c5 2. c3 Qa5 3. Nf3 Nc6 4. Bc4 e6 5. O-O Be7 6. Qe2 a6 7. a3 Nf6 8. Ba2
d5 9. b4 Qc7 10. exd5 Nxd5 11. bxc5 Nf4 12. Qe3 g5 13. d4 h6 14. h3 Bd7 15. c4
Bf6 16. Nc3 O-O-O 17. Re1 Rde8 18. Ne4 Be7 19. d5 exd5 20. cxd5 f5 21. dxc6
Bxc6 22. Nd6+ Bxd6 23. cxd6 Qxd6 24. Qd2 Rxe1+ 25. Nxe1 Qe5 26. Bb2 Ne2+ 27.
Kf1 Qh2 28. Bxh8 Bb5 29. Nd3 Nf4 30. Qc3+ Kd7 31. Qd4+ Kc8 32. Rc1+ Kb8 33.
Qd8+ Ka7 34. Bd4+ b6 35. Rc7# 1-0

[Event "41st Guernsey International Open"]
[Site "Guernsey, GCI"]
[Date "2015.10.23"]
[Round "6"]
[White "Norman, Kenneth I"]
[Black "Kirkwood, Robin"]
[Result "1-0"]
[WhiteElo "2124"]
[BlackElo "1911"]
[PlyCount "37"]
[EventDate "2015.10.18"]
[EventType "swiss"]
[EventRounds "7"]

1. Nf3 d6 2. d4 Bg4 3. c4 Nd7 4. e4 e5 5. Be2 Be7 6. Nc3 Bxf3 7. Bxf3 Bg5 8.
Bxg5 Qxg5 9. O-O Nb6 10. c5 exd4 11. cxb6 dxc3 12. bxc7 cxb2 13. Rb1 Qc5 14.
Rxb2 Qxc7 15. e5 d5 16. Bxd5 Rd8 17. Qf3 Rxd5 18. Qxd5 Ne7 19. Qxb7 1-0

[Event "41st Guernsey International Open"]
[Site "Guernsey, GCI"]
[Date "2015.10.23"]
[Round "6"]
[White "Morcom, Huw"]
[Black "Hamperl, Fred"]
[Result "1/2-1/2"]
[WhiteElo "1966"]
[BlackElo "2082"]
[PlyCount "62"]
[EventDate "2015.10.18"]
[EventType "swiss"]
[EventRounds "7"]

1. e4 c5 2. Nf3 Nc6 3. Nc3 d6 4. d4 cxd4 5. Nxd4 e5 6. Nb3 Be7 7. Nd5 Nf6 8.
Nxe7 Qxe7 9. Bg5 h6 10. Bxf6 Qxf6 11. Qf3 Qxf3 12. gxf3 Be6 13. Bb5 O-O-O 14.
Bxc6 bxc6 15. O-O-O Kc7 16. Rd2 Kb6 17. Rhd1 d5 18. Kb1 Rd7 19. Nc1 f6 20. Nd3
Rhd8 21. b3 c5 22. Nb2 Kc6 23. c4 dxc4 24. Rxd7 Rxd7 25. Rxd7 Bxd7 26. bxc4 Kd6
27. Nd1 f5 28. exf5 Bxf5+ 29. Kc1 g5 30. Kd2 h5 31. Ke3 a6 1/2-1/2

[Event "41st Guernsey International Open"]
[Site "Guernsey, GCI"]
[Date "2015.10.23"]
[Round "6"]
[White "De Kruif, Kees"]
[Black "Pleasants, Allan J"]
[Result "1/2-1/2"]
[WhiteElo "1954"]
[BlackElo "2061"]
[PlyCount "72"]
[EventDate "2015.10.18"]
[EventType "swiss"]
[EventRounds "7"]

1. c4 e5 2. g3 h5 3. h4 d5 4. cxd5 Nf6 5. Bg2 c6 6. dxc6 Nxc6 7. Nc3 Bc5 8. Nh3
Bf5 9. Qa4 O-O 10. Bxc6 bxc6 11. Qxc6 Rc8 12. Qg2 Bd4 13. f3 Qd7 14. Nf2 Rfd8
15. e3 Bb6 16. O-O a5 17. Kh2 a4 18. Rg1 a3 19. bxa3 Ba5 20. g4 hxg4 21. Nce4
Bxe4 22. fxe4 Bxd2 23. Rd1 Rc2 24. Bxd2 Rxd2 25. Rxd2 Qxd2 26. Rd1 g3+ 27. Qxg3
Ng4+ 28. Kg2 Nxe3+ 29. Qxe3 Qxe3 30. Rxd8+ Kh7 31. Rd7 f6 32. Rd3 Qe2 33. Rf3
Qxa2 34. Rg3 g6 35. Rf3 Kg7 36. Kg3 f5 1/2-1/2

[Event "41st Guernsey International Open"]
[Site "Guernsey, GCI"]
[Date "2015.10.23"]
[Round "6"]
[White "Brookfield, Toby"]
[Black "Pickersgill, Adrian O"]
[Result "1/2-1/2"]
[WhiteElo "1897"]
[BlackElo "2016"]
[PlyCount "43"]
[EventDate "2015.10.18"]
[EventType "swiss"]
[EventRounds "7"]

1. e4 d6 2. Nc3 Nf6 3. f4 c6 4. Nf3 Bg4 5. h3 Bxf3 6. Qxf3 e6 7. Be2 Be7 8. O-O
O-O 9. d3 Nbd7 10. Kh1 d5 11. e5 Ne8 12. d4 f5 13. Nd1 g6 14. Bd3 Ng7 15. c3 c5
16. Nf2 c4 17. Bc2 b5 18. g4 Nb6 19. Bd2 a5 20. g5 Kf7 21. Kg2 Rh8 22. h4
1/2-1/2

[Event "41st Guernsey International Open"]
[Site "Guernsey, GCI"]
[Date "2015.10.23"]
[Round "6"]
[White "Campbell, Ian"]
[Black "French, Max"]
[Result "1-0"]
[WhiteElo "1996"]
[BlackElo "1824"]
[PlyCount "71"]
[EventDate "2015.10.18"]
[EventType "swiss"]
[EventRounds "7"]

1. d4 Nf6 2. Nf3 e6 3. g3 d5 4. Bg2 Be7 5. Nbd2 O-O 6. O-O b6 7. b3 Bb7 8. Bb2
Nbd7 9. c4 Rc8 10. Rc1 c5 11. a3 a5 12. Re1 cxd4 13. Nxd4 Bc5 14. e3 Qe7 15. a4
Ne5 16. Qe2 Ba6 17. Nb5 Nc6 18. Red1 Bxb5 19. axb5 Nb4 20. Nf3 dxc4 21. bxc4
Nd7 22. Nd4 Ne5 23. f4 Nd7 24. Nc6 Nxc6 25. Bxc6 Nf6 26. Kg2 Rfd8 27. e4 Rxd1
28. Rxd1 Rd8 29. h3 Rxd1 30. Qxd1 Qd6 31. Qxd6 Bxd6 32. e5 Bb4 33. exf6 a4 34.
fxg7 a3 35. Ba1 Bd2 36. c5 1-0